000 00764nam a22002177a 4500
005 20140313100407.0
008 131217b xxu||||| |||| 00| 0 eng d
020 _a9781446210758
050 _aLB 1060.2
_b.P264 2012
100 _aParry-mitchell, Chris.
245 _aThe behaviour management toolkit :
_bavoiding exclusion at school /
_cChris Parry-Mitchell.
260 _aLos Angeles :
_bSage Publications,
_c2012.
300 _axiv, 121 p. :
_bill. ;
_c30 cm. +
_e1 CD-ROM (4 3/4 in.).
504 _aIncludes Bibliographic References.
521 _aPSYCH
650 _aTeacher participation in educational counseling.
650 _aStudents
_xPsychology.
650 _aSocial isolation
_xPrevention.
942 _2lcc
_cBK
_kFOR
999 _c25857
_d25857